Football Teams Bobby Moore Played For - Statistics

General Stats
  • This quiz has been taken 40 times
  • The average score is 2 of 6
Answer Stats
League Years Team % Correct
England 1958-1974 West Ham United
97%
England 1974-1976 Fulham FC
39%
England 1976-1977 Fulham FC
39%
USA 1978-1979 Seattle Sounders FC
13%
Denmark 1977-1978 Herning Fremad
10%
USA 1976 San Antonio Thunder
6%
No matching quizzes found
Score Distribution
Percent of People with Each Score
Percentile by Number Answered
Your Score History
You have not taken this quiz